[Event "Online Olym Div2 E"]
[Site "Chess.com INT"]
[Date "2021.09.04"]
[Round "9.4"]
[White "Minero Pineda, Sergio"]
[Black "Salinas Herrera, Pablo Patricio"]
[Result "1/2-1/2"]
[WhiteElo "2361"]
[BlackElo "2509"]
[PlyCount "139"]
[EventDate "2021.09.02"]
[EventType "team (rapid)"]
[EventRounds "9"]
[EventCountry "USA"]
[SourceTitle "CBM 204 Extra"]
[Source "ChessBase"]
[SourceDate "2021.11.30"]
[SourceVersion "1"]
[SourceVersionDate "2021.11.30"]
[SourceQuality "1"]
[WhiteTeam "Costa Rica"]
[BlackTeam "Chile"]
[WhiteTeamCountry "CRI"]
[BlackTeamCountry "CHI"]

1. d4 d5 2. c4 e6 3. Nf3 a6 4. Nbd2 Nf6 5. g3 c5 6. Bg2 Nc6 7. 0-0 cxd4 8. cxd5 Nxd5 9. Nb3 e5 10. Nxe5 Nxe5 11. Qxd4 Bd6 12. Qxd5 Qf6 13. Bg5 Qxg5 14. Qxd6 Qe7 15. Qxe7+ Kxe7 16. Rac1 Rd8 17. Rc7+ Rd7 18. Rfc1 Rxc7 19. Rxc7+ Kd6 20. Bxb7 Kxc7 21. Bxa8 Be6 22. Nc1 Nc4 23. b3 Na3 24. Be4 h6 25. Bd3 Kb6 26. f4 a5 27. Kf2 Kc5 28. Ke3 Bd7 29. Kd2 Kb4 30. e4 f6 31. e5 fxe5 32. fxe5 Kc5 33. Kc3 Kd5 34. e6 Kxe6 35. b4 a4 36. Kd4 Kd6 37. Ne2 Be6 38. Nc3 Bf7 39. Nxa4 Bxa2 40. Nc3 Be6 41. Nb5+ Nxb5+ 42. Bxb5 g5 43. Bd3 Bd7 44. b5 Bc8 45. Be4 h5 46. b6 Bd7 47. b7 Kc7 48. Bf3 h4 49. g4 Bxg4 50. Bxg4 Kxb7 51. Ke5 Kc7 52. Kf6 Kd6 53. h3 Kd5 54. Kxg5 Ke5 55. Bf5 Kd6 56. Kf6 Kd5 57. Bg4 Kd6 58. Be6 Kc7 59. Ke7 Kc6 60. Kf6 Kd6 61. Bf5 Kd5 62. Kg5 Ke5 63. Bg4 Kd6 64. Kxh4 Ke7 65. Kg5 Kf7 66. h4 Kg8 67. h5 Kh8 68. h6 Kg8 69. h7+ Kh8 70. Kh6 1/2-1/2

[Event "Online Olym Div2 E"]
[Site "Chess.com INT"]
[Date "2021.09.02"]
[Round "3.1"]
[White "Barrientos Chavarriaga, Sergio E"]
[Black "Minero Pineda, Sergio"]
[Result "1-0"]
[WhiteElo "2475"]
[BlackElo "2361"]
[PlyCount "101"]
[EventDate "2021.09.02"]
[EventType "team (rapid)"]
[EventRounds "9"]
[EventCountry "USA"]
[SourceTitle "CBM 204 Extra"]
[Source "ChessBase"]
[SourceDate "2021.11.30"]
[SourceVersion "1"]
[SourceVersionDate "2021.11.30"]
[SourceQuality "1"]
[WhiteTeam "Colombia"]
[BlackTeam "Costa Rica"]
[WhiteTeamCountry "COL"]
[BlackTeamCountry "CRI"]

1. d4 Nf6 2. c4 e6 3. Nf3 Bb4+ 4. Nbd2 0-0 5. a3 Be7 6. g3 b6 7. e4 d6 8. Bg2 Bb7 9. Qe2 c5 10. 0-0 cxd4 11. Nxd4 Nc6 12. Nxc6 Bxc6 13. b4 Qc7 14. Bb2 a6 15. Rac1 Rfe8 16. Nb3 Bb7 17. h3 Nd7 18. f4 Rac8 19. Kh2 Qb8 20. Nd4 Bf8 21. Nf3 Qa8 22. Rce1 b5 23. cxb5 axb5 24. Nd4 Nb6 25. Qxb5 Nc4 26. Bc1 Ba6 27. Qh5 Nxa3 28. b5 Nxb5 29. Nxb5 g6 30. Qg5 Be7 31. Qg4 Bxb5 32. Rf2 Qa1 33. Bd2 Qd4 34. Be3 Qc3 35. Bd2 h5 36. Qd1 Qd4 37. Re3 Rc5 38. f5 Bf6 39. fxg6 fxg6 40. e5 Bxe5 41. Qb1 Kg7 42. Ref3 Re7 43. Be3 Qa1 44. Qb4 Rd5 45. Qh4 Rc7 46. Qg5 Bxg3+ 47. Qxg3 Qe5 48. Bf4 Qe1 49. Bxd6 Rd1 50. Qe5+ Kh7 51. Rf7+ 1-0

[Event "Titled Tuesday intern op 04th May"]
[Site "Chess.com INT"]
[Date "2021.05.04"]
[Round "3"]
[White "Minero Pineda, Sergio"]
[Black "Can, Emre"]
[Result "1/2-1/2"]
[WhiteElo "2365"]
[BlackElo "2569"]
[PlyCount "118"]
[EventDate "2021.05.04"]
[EventType "swiss (blitz)"]
[EventRounds "11"]
[EventCountry "USA"]
[SourceTitle "CBM 202 Extra"]
[Source "ChessBase"]
[SourceDate "2021.07.31"]
[SourceVersion "1"]
[SourceVersionDate "2021.07.31"]
[SourceQuality "1"]

1. d4 g6 2. c4 Bg7 3. Nf3 d6 4. Nc3 Nf6 5. g3 0-0 6. Bg2 Nc6 7. 0-0 Bf5 8. d5 Na5 9. Nd2 c5 10. e4 Bd7 11. Qc2 a6 12. b3 b5 13. Bb2 Rb8 14. Rab1 Ng4 15. h3 Nh6 16. Nd1 f5 17. Bxg7 Kxg7 18. Qc3+ Kg8 19. e5 dxe5 20. Qxe5 bxc4 21. Qf4 Nf7 22. bxc4 Rxb1 23. Nxb1 Qb8 24. Qc1 Nd6 25. Nd2 Qb4 26. Ne3 Rb8 27. Re1 Qb2 28. Qd1 Qxa2 29. Nef1 Re8 30. h4 Naxc4 31. h5 Nxd2 32. Nxd2 Qa4 33. Qc1 Qd4 34. Nf3 Qf6 35. Qxc5 Kg7 36. Ne5 Bb5 37. Nc6 f4 38. Re6 Qf7 39. hxg6 hxg6 40. Ne5 Qf5 41. Rxg6+ Kh7 42. Re6 fxg3 43. fxg3 Qb1+ 44. Kh2 Kg7 45. Rg6+ Kh7 46. Qd4 Qxg6 47. Nxg6 Kxg6 48. Qg4+ Kf7 49. Qe6+ Kg7 50. Bh3 a5 51. Bg4 a4 52. Bh5 Rh8 53. Qg6+ Kf8 54. Kg2 Bc4 55. Qg5 a3 56. Qf4+ Kg7 57. Qg5+ Kf8 58. Qf4+ Kg7 59. Qg5+ Kf8 1/2-1/2

[Event "Online Olym Div2 E"]
[Site "Chess.com INT"]
[Date "2020.08.14"]
[Round "2.1"]
[White "Zambrana, Oswaldo"]
[Black "Minero Pineda, Sergio"]
[Result "0-1"]
[WhiteElo "2438"]
[BlackElo "2365"]
[PlyCount "136"]
[EventDate "2020.08.14"]
[EventType "team-tourn (rapid)"]
[EventRounds "9"]
[EventCountry "USA"]
[SourceTitle "CBM 198"]
[Source "ChessBase"]
[SourceDate "2020.10.31"]
[SourceVersion "1"]
[SourceVersionDate "2020.10.31"]
[SourceQuality "1"]
[WhiteTeam "Bolivia"]
[BlackTeam "Costa Rica"]
[WhiteTeamCountry "BOL"]
[BlackTeamCountry "CRI"]

1. e4 e6 2. d4 d5 3. Nd2 c5 4. Ngf3 cxd4 5. exd5 Qxd5 6. Bc4 Qd6 7. 0-0 Nc6 8. Nb3 a6 9. Nbxd4 Nxd4 10. Nxd4 Qc7 11. Bb3 Bd6 12. Kh1 Ne7 13. Qf3 0-0 14. c3 Bd7 15. Be3 e5 16. Ne2 Bc6 17. Qh5 Be4 18. Ng3 Bg6 19. Qf3 Qc6 20. Qxc6 Nxc6 21. Rad1 Bc7 22. Rd7 Rac8 23. h4 Nb8 24. Rd5 h5 25. f4 exf4 26. Bxf4 Bxf4 27. Rxf4 Rcd8 28. Rg5 Kh7 29. Nxh5 f6 30. Rxg6 Kxg6 31. Ng3 Rd2 32. h5+ Kh7 33. Nf5 Rfd8 34. Rg4 R8d7 35. Be6 Rc7 36. b4 Nc6 37. a4 Ne5 38. Rg3 Rd3 39. Rxd3 Nxd3 40. Nd6 Rxc3 41. Nxb7 Nxb4 42. Nd6 Kh6 43. g4 Ra3 44. Bf5 Kg5 45. Ne8 Rxa4 46. Nxg7 Ra2 47. Ne6+ Kh6 48. Nd8 a5 49. Nf7+ Kg7 50. Be6 Rb2 51. Nd6 a4 52. Ne8+ Kh6 53. Nxf6 a3 54. Ng8+ Kg7 55. h6+ Kh8 56. g5 a2 57. Bxa2 Rxa2 58. Nf6 Ra6 59. Kg2 Nd3 60. Kf3 Ne5+ 61. Kf4 Ng6+ 62. Kf5 Ne7+ 63. Ke5 Ng8 64. Nd7 Ra5+ 65. Kf4 Ne7 66. Kg4 Ng6 67. Kh5 Nf4+ 68. Kg4 Ne6 0-1

[Event "Online Olym Div3 E"]
[Site "Chess.com INT"]
[Date "2020.08.08"]
[Round "6.4"]
[White "Ortiz, Marcos"]
[Black "Minero Pineda, Sergio"]
[Result "1/2-1/2"]
[WhiteElo "2191"]
[BlackElo "2365"]
[PlyCount "29"]
[EventDate "2020.08.07"]
[EventType "team-tourn (rapid)"]
[EventRounds "9"]
[EventCountry "USA"]
[SourceTitle "CBM 198"]
[Source "ChessBase"]
[SourceDate "2020.10.31"]
[SourceVersion "1"]
[SourceVersionDate "2020.10.31"]
[SourceQuality "1"]
[WhiteTeam "Nicaragua"]
[BlackTeam "Costa Rica"]
[WhiteTeamCountry "NCA"]
[BlackTeamCountry "CRI"]

1. c4 Nf6 2. g3 e6 3. Bg2 d5 4. Nf3 Be7 5. 0-0 0-0 6. b3 b6 7. Bb2 Bb7 8. e3 c5 9. cxd5 Nxd5 10. d4 cxd4 11. Nxd4 Nc6 12. Nxc6 Bxc6 13. Nc3 Nxc3 14. Bxc3 Bxg2 15. Kxg2 1/2-1/2

[Event "Online Olym Div3 E"]
[Site "Chess.com INT"]
[Date "2020.08.08"]
[Round "4.5"]
[White "Polanco Nunez, Yoel Estarling"]
[Black "Minero Pineda, Sergio"]
[Result "0-1"]
[WhiteElo "2196"]
[BlackElo "2365"]
[PlyCount "52"]
[EventDate "2020.08.07"]
[EventType "team-tourn (rapid)"]
[EventRounds "9"]
[EventCountry "USA"]
[SourceTitle "CBM 198"]
[Source "ChessBase"]
[SourceDate "2020.10.31"]
[SourceVersion "1"]
[SourceVersionDate "2020.10.31"]
[SourceQuality "1"]
[WhiteTeam "Dominican Republic"]
[BlackTeam "Costa Rica"]
[WhiteTeamCountry "DOM"]
[BlackTeamCountry "CRI"]

1. d4 Nf6 2. c4 e6 3. Nc3 Bb4 4. e3 0-0 5. Nge2 c6 6. a3 Ba5 7. b4 Bc7 8. Bb2 d5 9. cxd5 exd5 10. Ng3 Re8 11. Bd3 Nbd7 12. Nf5 Nf8 13. g4 a5 14. b5 Ng6 15. Kf1 Ne4 16. h4 Ne7 17. Nxe4 dxe4 18. Bxe4 Nxf5 19. Bxf5 Bxf5 20. gxf5 Qd5 21. Kg1 Qxf5 22. bxc6 bxc6 23. Rc1 Re4 24. Rxc6 Rg4+ 25. Kf1 Qb5+ 26. Qe2 Qxc6 0-1

[Event "CRI-ch"]
[Site "San Jose"]
[Date "2020.01.15"]
[Round "6"]
[White "Chinchilla Miranda, Eugenio"]
[Black "Minero Pineda, Sergio"]
[Result "0-1"]
[WhiteElo "2166"]
[BlackElo "2356"]
[PlyCount "106"]
[EventDate "2020.01.10"]
[EventType "swiss"]
[EventRounds "11"]
[EventCountry "CRI"]
[SourceTitle "CBM 194 Extra"]
[Source "ChessBase"]
[SourceDate "2020.03.31"]
[SourceVersion "1"]
[SourceVersionDate "2020.03.31"]
[SourceQuality "1"]

1. d4 Nf6 2. c4 e6 3. Nf3 Bb4+ 4. Bd2 c5 5. Bxb4 cxb4 6. a3 Qe7 7. e3 0-0 8. axb4 Qxb4+ 9. Nbd2 Qe7 10. c5 d6 11. b4 Nc6 12. Nc4 dxc5 13. bxc5 Rb8 14. Nce5 Nxe5 15. Nxe5 Nd7 16. Nc4 e5 17. Be2 exd4 18. exd4 Rd8 19. Qc2 Nf6 20. Rd1 Bg4 21. f3 Be6 22. 0-0 b6 23. Nd6 bxc5 24. dxc5 Bb3 25. Nf5 Qe6 26. Rxd8+ Rxd8 27. Qb2 Qxf5 28. Qxb3 Qxc5+ 29. Kh1 g6 30. Bc4 Qc7 31. Ra1 Rd6 32. Qa3 Rd7 33. Bb5 Re7 34. Ba6 Qe5 35. Kg1 Qd4+ 36. Kh1 Re5 37. Rb1 Kg7 38. Qd3 Qf4 39. Bc4 Rh5 40. h3 Rc5 41. Ba6 Ra5 42. Bc4 Rc5 43. Ba6 Qe5 44. Rd1 Rd5 45. Qc2 Rxd1+ 46. Qxd1 h5 47. Kg1 Qe3+ 48. Kh2 h4 49. Qd3 Qxd3 50. Bxd3 Nd5 51. g3 hxg3+ 52. Kxg3 a5 53. Bc2 Nc3 0-1

[Event "CRI-ch"]
[Site "San Jose"]
[Date "2020.01.12"]
[Round "4"]
[White "Valdes Romero, Leonardo"]
[Black "Minero Pineda, Sergio"]
[Result "1/2-1/2"]
[WhiteElo "2419"]
[BlackElo "2356"]
[PlyCount "56"]
[EventDate "2020.01.10"]
[EventType "swiss"]
[EventRounds "11"]
[EventCountry "CRI"]
[SourceTitle "CBM 194 Extra"]
[Source "ChessBase"]
[SourceDate "2020.03.31"]
[SourceVersion "1"]
[SourceVersionDate "2020.03.31"]
[SourceQuality "1"]

1. Nf3 Nf6 2. g3 b5 3. Bg2 Bb7 4. d4 e6 5. a4 b4 6. c4 Be7 7. Nbd2 c5 8. Nb3 cxd4 9. Nbxd4 0-0 10. 0-0 Na6 11. Bf4 Nc5 12. a5 a6 13. Ne5 Bxg2 14. Kxg2 Qc8 15. f3 Qb7 16. Nb3 Rac8 17. Be3 Nxb3 18. Qxb3 d5 19. Rfc1 dxc4 20. Rxc4 Qb5 21. Rac1 Rxc4 22. Nxc4 h6 23. Bf2 Nd7 24. Qd3 Rd8 25. Qe4 Nf6 26. Qe3 Nd5 27. Qe4 Nf6 28. Qe3 Nd5 1/2-1/2

[Event "El Prat de Llobregat op-A 1st"]
[Site "El Prat de Llobregat"]
[Date "2019.12.04"]
[Round "2"]
[White "Girish, A Koushnik"]
[Black "Minero Pineda, Sergio"]
[Result "1/2-1/2"]
[WhiteElo "2506"]
[BlackElo "2381"]
[PlyCount "69"]
[EventDate "2019.12.03"]
[EventType "swiss"]
[EventRounds "9"]
[EventCountry "ESP"]
[SourceTitle "CBM 193 Extra"]
[Source "ChessBase"]
[SourceDate "2020.01.31"]
[SourceVersion "1"]
[SourceVersionDate "2020.01.31"]
[SourceQuality "1"]

1. d4 Nf6 2. c4 e6 3. Nf3 Bb4+ 4. Nbd2 0-0 5. a3 Be7 6. e4 d6 7. Bd3 Nbd7 8. 0-0 c5 9. b4 cxd4 10. Nxd4 a6 11. Bb2 Qc7 12. Rc1 b6 13. Qe2 Bb7 14. f4 Rfe8 15. Nxe6 fxe6 16. e5 Kh8 17. exf6 Bxf6 18. Nf3 Bxb2 19. Qxb2 Bxf3 20. Rxf3 e5 21. Be4 Rad8 22. fxe5 Rxe5 23. Rf7 Rf8 24. Rcf1 Rxf7 25. Rxf7 Qd8 26. h3 Nf6 27. Bf3 Qe8 28. Ra7 Re1+ 29. Kh2 Qe3 30. Ra8+ Ne8 31. Bc6 Qg1+ 32. Kg3 Qe3+ 33. Kh2 Qg1+ 34. Kg3 Qe3+ 35. Kh2 1/2-1/2

[Event "Sitges Sunway op 4th"]
[Site "Sitges"]
[Date "2017.12.17"]
[Round "3"]
[White "Dann, Matthias"]
[Black "Minero Pineda, Sergio"]
[Result "1-0"]
[WhiteElo "2517"]
[BlackElo "2384"]
[PlyCount "61"]
[EventDate "2017.12.15"]
[EventType "swiss"]
[EventRounds "9"]
[EventCountry "ESP"]
[SourceTitle "CBM 182 Extra"]
[Source "ChessBase"]
[SourceDate "2018.02.23"]
[SourceVersion "1"]
[SourceVersionDate "2018.02.23"]
[SourceQuality "1"]

1. e4 c5 2. Nf3 e6 3. d4 cxd4 4. Nxd4 Nc6 5. Nc3 Qc7 6. Be3 a6 7. Be2 Nf6 8. a3 Be7 9. f4 d6 10. g4 Nxd4 11. Qxd4 e5 12. Qd2 Bxg4 13. Bxg4 Nxg4 14. 0-0-0 Nxe3 15. Qxe3 Rc8 16. Kb1 exf4 17. Qd2 Bf6 18. Nd5 Qd8 19. Nxf6+ Qxf6 20. e5 Qf5 21. exd6 0-0 22. Rhf1 g5 23. Qg2 f6 24. Rd4 Rfd8 25. h4 Kh8 26. Rf2 Qe5 27. Rfd2 Rc6 28. d7 h6 29. Re4 Qb8 30. Re7 f5 31. Qd5 1-0

[Event "Olympiad-42"]
[Site "Baku"]
[Date "2016.09.03"]
[Round "2.1"]
[White "Adhiban, Baskaran"]
[Black "Minero Pineda, Sergio"]
[Result "1-0"]
[WhiteElo "2671"]
[BlackElo "2391"]
[PlyCount "95"]
[EventDate "2016.09.02"]
[EventType "team-swiss"]
[EventRounds "11"]
[EventCountry "AZE"]
[SourceTitle "CBM 175"]
[Source "ChessBase"]
[SourceDate "2016.11.10"]
[SourceVersion "1"]
[SourceVersionDate "2016.11.10"]
[SourceQuality "1"]
[WhiteTeam "India"]
[BlackTeam "Costa Rica"]
[WhiteTeamCountry "IND"]
[BlackTeamCountry "CRI"]

1. e4 c5 2. Nc3 e6 3. Nge2 Nc6 4. d4 cxd4 5. Nxd4 Qc7 6. Be2 a6 7. 0-0 Nf6 8. Be3 Be7 9. f4 d6 10. Kh1 0-0 11. Qe1 Nxd4 12. Bxd4 b5 13. Qg3 Bb7 14. a3 Bc6 15. Bd3 Qb7 16. Rae1 b4 17. Nd1 bxa3 18. bxa3 Rac8 19. c4 Qc7 20. Ba1 g6 21. Nf2 Nh5 22. Qe3 e5 23. Ng4 f6 24. f5 Be8 25. c5 Qxc5 26. Bxa6 Ra8 27. Qxc5 dxc5 28. Bc4+ Kg7 29. Ne3 Rxa3 30. Nd5 Ra7 31. g4 Nf4 32. Nxf4 exf4 33. g5 Bc6 34. Bd5 Bxd5 35. exd5 Bd8 36. Rxf4 h6 37. h4 hxg5 38. hxg5 Rh8+ 39. Kg1 Rh5 40. Rg4 gxf5 41. gxf6+ Kf8 42. Re8+ Kxe8 43. Rg8+ Kd7 44. Rg7+ Kd6 45. Rxa7 f4 46. f7 Rf5 47. Bf6 Rxf6 48. Ra6+ 1-0

[Event "CRC-ch"]
[Site "San Jose"]
[Date "2016.07.26"]
[Round "7.5"]
[White "Minero Pineda, Sergio"]
[Black "Carvajal Gorgona, Jonathan G"]
[Result "1/2-1/2"]
[WhiteElo "2392"]
[BlackElo "2208"]
[PlyCount "93"]
[EventDate "2016.07.18"]
[EventType "tourn"]
[EventRounds "10"]
[EventCountry "CRI"]
[SourceTitle "EXT 2024"]
[Source "ChessBase"]
[SourceDate "2023.10.10"]
[SourceVersion "1"]
[SourceVersionDate "2023.10.10"]
[SourceQuality "1"]

1. d4 Nf6 2. c4 e6 3. Nf3 Bb4+ 4. Nbd2 b6 5. a3 Bxd2+ 6. Qxd2 Bb7 7. e3 Ne4 8. Qc2 f5 9. Be2 0-0 10. b4 d6 11. 0-0 Nd7 12. d5 e5 13. Nd2 Nxd2 14. Bxd2 e4 15. Rfd1 Qe7 16. Bc3 Ne5 17. c5 Rad8 18. Qa4 dxc5 19. bxc5 Bxd5 20. cxb6 axb6 21. Qb5 Nd3 22. Bxd3 exd3 23. Rxd3 c6 24. Qb4 Qe4 25. Qxe4 Bxe4 26. Rxd8 Rxd8 27. f3 Bc2 28. Kf2 Rd1 29. Ra2 Bd3 30. Kg3 Rc1 31. Be5 Rc2 32. Ra1 c5 33. a4 g5 34. Bf6 f4+ 35. exf4 gxf4+ 36. Kxf4 Rxg2 37. h4 Kf7 38. Bd8 Rb2 39. a5 bxa5 40. Rxa5 c4 41. Ra7+ Kg6 42. Ra6+ Kf7 43. Ra7+ Kg6 44. Ra6+ Kf7 45. Ke3 Re2+ 46. Kd4 Re6 47. Rxe6 1/2-1/2

[Event "CRC-ch"]
[Site "San Jose"]
[Date "2016.07.18"]
[Round "1.3"]
[White "Nunez Valverde, Jairo"]
[Black "Minero Pineda, Sergio"]
[Result "0-1"]
[WhiteElo "1912"]
[BlackElo "2392"]
[PlyCount "72"]
[EventDate "2016.07.18"]
[EventType "tourn"]
[EventRounds "10"]
[EventCountry "CRI"]
[SourceTitle "EXT 2024"]
[Source "ChessBase"]
[SourceDate "2023.10.10"]
[SourceVersion "1"]
[SourceVersionDate "2023.10.10"]
[SourceQuality "1"]

1. e4 e6 2. d4 d5 3. exd5 exd5 4. Bd3 c5 5. Bb5+ Nc6 6. Nf3 Bd6 7. 0-0 Nge7 8. dxc5 Bxc5 9. c3 0-0 10. Nbd2 Bg4 11. Nb3 Bb6 12. Bg5 f6 13. Bc1 Re8 14. Be2 Nf5 15. h3 Ng3 16. hxg4 Nxe2+ 17. Kh1 Qd6 18. Nbd4 Ncxd4 19. Nxd4 Bc7 20. Nf3 Re4 21. c4 Nxc1 22. c5 Qe6 23. Rxc1 Rxg4 24. Qd3 Rd8 25. Rfe1 Re4 26. Qb3 b6 27. Rxe4 Qxe4 28. Re1 Qf5 29. Qa4 Qh5+ 30. Kg1 Qf7 31. c6 a5 32. Rd1 Qe6 33. Re1 Qd6 34. Rd1 Qc5 35. Nd4 Re8 36. Qb3 Qxd4 0-1

[Event "Olympiad-41"]
[Site "Tromsoe"]
[Date "2014.08.10"]
[Round "8.3"]
[White "Halkias, Stelios"]
[Black "Minero Pineda, Sergio"]
[Result "1/2-1/2"]
[WhiteElo "2544"]
[BlackElo "2384"]
[PlyCount "164"]
[EventDate "2014.08.02"]
[EventType "team-swiss"]
[EventRounds "11"]
[EventCountry "NOR"]
[SourceTitle "CBM 162"]
[Source "ChessBase"]
[SourceDate "2014.09.17"]
[SourceVersion "1"]
[SourceVersionDate "2014.09.17"]
[SourceQuality "1"]
[WhiteTeam "Greece"]
[BlackTeam "Costa Rica"]
[WhiteTeamCountry "GRE"]
[BlackTeamCountry "CRI"]

1. Nf3 Nf6 2. c4 g6 3. Nc3 Bg7 4. g3 0-0 5. Bg2 c5 6. 0-0 Nc6 7. d4 cxd4 8. Nxd4 Nxd4 9. Qxd4 d6 10. Qd3 Be6 11. Bxb7 Rb8 12. Bg2 Qa5 13. b3 Rxb3 14. axb3 Qxa1 15. Bd2 Qa6 16. Nb5 Ng4 17. Bg5 Bf6 18. Bxf6 Nxf6 19. Qd4 Qa2 20. Qxa7 Qxa7 21. Nxa7 Rb8 22. Nc6 Rxb3 23. Nxe7+ Kf8 24. Nd5 Ng4 25. Rc1 Rb2 26. Nf4 Ne5 27. c5 dxc5 28. Rxc5 Rb1+ 29. Bf1 Nd7 30. Nxe6+ fxe6 31. Rc7 Ke7 32. f3 Kd6 33. Ra7 Rd1 34. Kf2 Ke5 35. Bh3 Kf6 36. Rc7 Nf8 37. f4 h5 38. Bg2 Rd7 39. Rc8 Kf7 40. Bc6 Ra7 41. Be8+ Ke7 42. Bb5 Kf7 43. Bc4 Ke7 44. Ke3 Nd7 45. Rc6 Nf8 46. Kd4 Kf6 47. e4 Rd7+ 48. Ke3 Ra7 49. e5+ Ke7 50. Kd4 Rb7 51. Kc3 Kf7 52. Ba6 Rd7 53. Bc4 Rb7 54. Ra6 Ke7 55. Bb3 Kf7 56. Ba4 Nd7 57. Bxd7 Rxd7 58. Ra2 Rc7+ 59. Kb4 Rc1 60. Kb5 h4 61. gxh4 Rc3 62. Ra7+ Kf8 63. Ra8+ Kf7 64. Ra7+ Kf8 65. h5 gxh5 66. Rh7 Rf3 67. Kc6 Rxf4 68. Kd6 Rh4 69. Kxe6 Rxh2 70. Rf7+ Ke8 71. Rc7 Kf8 72. Rc8+ Kg7 73. Rc7+ Kf8 74. Rc8+ Kg7 75. Ke7 Ra2 76. e6 h4 77. Rc3 Ra7+ 78. Kd6 Ra6+ 79. Kd7 Ra7+ 80. Kd6 Ra6+ 81. Kd5 Ra5+ 82. Kd6 Ra6+ 1/2-1/2

[Event "CRI-ch 76th"]
[Site "San Jose"]
[Date "2013.11.23"]
[Round "9"]
[White "Carvajal Gorgona, Jonathan G"]
[Black "Minero Pineda, Sergio"]
[Result "1/2-1/2"]
[WhiteElo "2239"]
[BlackElo "2412"]
[PlyCount "39"]
[EventDate "2013.11.15"]
[EventType "tourn"]
[EventRounds "13"]
[EventCountry "CRI"]
[EventCategory "1"]
[SourceTitle "CBM 157 Extra"]
[Source "ChessBase"]
[SourceDate "2013.12.19"]
[SourceVersion "1"]
[SourceVersionDate "2013.12.19"]
[SourceQuality "1"]

1. e4 e6 2. d4 d5 3. exd5 exd5 4. Nf3 c6 5. Bd3 Bd6 6. c4 dxc4 7. Bxc4 Ne7 8. Nc3 0-0 9. 0-0 Nd7 10. Bg5 Nb6 11. Bb3 Kh8 12. Bxe7 Qxe7 13. Re1 Qc7 14. Qd3 g6 15. d5 Bf5 16. Qd4+ Kg8 17. Qh4 Kg7 18. Qd4+ Kg8 19. Qh4 Kg7 20. Qd4+ 1/2-1/2

[Event "San Jose zt 2.3"]
[Site "San Jose"]
[Date "2013.06.03"]
[Round "5.2"]
[White "Minero Pineda, Sergio"]
[Black "Bruzon Batista, Lazaro"]
[Result "0-1"]
[WhiteElo "2410"]
[BlackElo "2687"]
[PlyCount "110"]
[EventDate "2013.06.02"]
[EventType "swiss"]
[EventRounds "9"]
[EventCountry "CRI"]
[SourceTitle "EXT 2024"]
[Source "ChessBase"]
[SourceDate "2023.10.10"]
[SourceVersion "1"]
[SourceVersionDate "2023.10.10"]
[SourceQuality "1"]

1. Nf3 c5 2. c4 Nc6 3. d4 cxd4 4. Nxd4 Nf6 5. g3 e5 6. Nc2 d5 7. cxd5 Nxd5 8. Bg2 Be6 9. 0-0 Be7 10. Ne3 Nb6 11. Nc3 0-0 12. b3 Rc8 13. Bb2 Nd4 14. Nc2 Nxc2 15. Qxc2 Bb4 16. Rac1 Bxc3 17. Bxc3 Nd5 18. Qb2 Nxc3 19. Rxc3 Qd4 20. Rc2 Rxc2 21. Qxc2 Rc8 22. Qe4 Qxe4 23. Bxe4 b6 24. Rd1 Kf8 25. f3 Ke7 26. Kf2 f5 27. Bd3 g6 28. Ke3 a5 29. Kd2 Kd6 30. Rc1 Rxc1 31. Kxc1 Kc5 32. Kc2 Kd4 33. Kd2 f4 34. Be4 a4 35. bxa4 Bxa2 36. Bd3 Bb3 37. Bb5 g5 38. Bd7 h6 39. Bb5 Bc4 40. Be8 Kc5 41. gxf4 gxf4 42. e3 Bd5 43. exf4 exf4 44. Ke2 Kb4 45. h4 Bb3 46. Kd3 Bxa4 47. Bh5 Bd1 48. Ke4 b5 49. Kxf4 Kc3 50. Bf7 b4 51. Kg4 Bb3 52. Bxb3 Kxb3 53. f4 Kc4 54. f5 Kd5 55. Kh5 b3 0-1

[Event "San Jose zt 2.3"]
[Site "San Jose"]
[Date "2013.06.01"]
[Round "2.3"]
[White "Quesada Perez, Yuniesky"]
[Black "Minero Pineda, Sergio"]
[Result "1-0"]
[WhiteElo "2631"]
[BlackElo "2410"]
[PlyCount "71"]
[EventDate "2013.06.02"]
[EventType "swiss"]
[EventRounds "9"]
[EventCountry "CRI"]
[SourceTitle "EXT 2024"]
[Source "ChessBase"]
[SourceDate "2023.10.10"]
[SourceVersion "1"]
[SourceVersionDate "2023.10.10"]
[SourceQuality "1"]

1. e4 e6 2. d4 d5 3. Nc3 Nf6 4. e5 Nfd7 5. f4 c5 6. Nf3 Nc6 7. Be3 cxd4 8. Nxd4 Bc5 9. Qd2 0-0 10. 0-0-0 a6 11. h4 Nxd4 12. Bxd4 b5 13. Rh3 Qc7 14. h5 b4 15. Na4 Bxd4 16. Qxd4 a5 17. h6 g6 18. b3 Ba6 19. Kb2 Bxf1 20. Rxf1 Rfc8 21. Rf2 Ra6 22. g4 Rc6 23. Rhh2 Qb8 24. Kb1 Qc7 25. Re2 Nc5 26. Nxc5 Rxc5 27. f5 Rc3 28. Qf4 a4 29. Rhf2 Rh3 30. Rf1 axb3 31. axb3 exf5 32. gxf5 Ra8 33. fxg6 fxg6 34. Ref2 Qe7 35. e6 Rh4 36. Qf7+ 1-0

[Event "CRI-chT"]
[Site "San Jose"]
[Date "2012.07.29"]
[Round "9.1"]
[White "Minero Pineda, Sergio"]
[Black "Carvajal Gorgona, Jonathan G"]
[Result "1-0"]
[WhiteElo "2412"]
[BlackElo "2145"]
[PlyCount "53"]
[EventDate "2012.07.22"]
[EventType "team-tourn"]
[EventRounds "9"]
[EventCountry "CRI"]
[SourceTitle "EXT 2013"]
[Source "ChessBase"]
[SourceDate "2012.11.22"]
[SourceVersion "1"]
[SourceVersionDate "2012.11.22"]
[SourceQuality "1"]
[WhiteTeam "Construterra"]
[BlackTeam "Goicoechea"]
[WhiteTeamCountry "CRI"]
[BlackTeamCountry "CRI"]

1. d4 Nf6 2. c4 e6 3. g3 d5 4. Bg2 dxc4 5. Nf3 Nc6 6. 0-0 Rb8 7. Nc3 b5 8. Ne5 Nxe5 9. dxe5 Qxd1 10. Rxd1 Nd5 11. Nxd5 exd5 12. Bxd5 Bb7 13. a4 c6 14. Bf3 Bc5 15. Bf4 a6 16. e6 Rd8 17. Rxd8+ Kxd8 18. Rd1+ Ke8 19. exf7+ Ke7 20. Bg5+ Ke6 21. Bg4+ Ke5 22. Bf4+ Kf6 23. Bd6 Bxd6 24. Rxd6+ Kg5 25. h3 g6 26. Re6 Rf8 27. Re7 1-0